[Event "Belyaev Memorial 10th"]
[Site "Nabereznye Chelny"]
[Date "2008.06.17"]
[Round "8"]
[White "Andreev, Eduard"]
[Black "Aleksandrov, Vladimir Alekseevic"]
[Result "1-0"]
[WhiteElo "2459"]
[BlackElo "2347"]
[PlyCount "195"]
[EventDate "2008.06.11"]
[EventType "tourn"]
[EventRounds "10"]
[EventCountry "RUS"]
[EventCategory "5"]
[SourceTitle "CBM 124 Extra"]
[Source "ChessBase"]
[SourceDate "2008.07.03"]
[SourceVersion "1"]
[SourceVersionDate "2008.07.03"]
[SourceQuality "1"]

1. e4 e5 2. Nf3 Nf6 3. d4 Nxe4 4. Bd3 d5 5. dxe5 Nc6 6. 0-0 Bg4 7. Nc3 Nxc3 8. bxc3 Bc5 9. Bf4 0-0 10. h3 Bh5 11. Rb1 Rb8 12. g4 Bg6 13. Bxg6 fxg6 14. Bg3 b6 15. Re1 d4 16. cxd4 Nxd4 17. Nxd4 Qxd4 18. Qxd4 Bxd4 19. Kg2 g5 20. Rbd1 Bc5 21. Rd7 Rbc8 22. Re4 Rf7 23. e6 Re7 24. Bxc7 h6 25. Bd8 Re8 26. e7 a5 27. Kf3 Rc6 28. Ke2 Rf6 29. f3 Kf7 30. a4 Kg8 31. Rd5 Kf7 32. Rd7 Kg8 33. c4 Kf7 34. Rc7 Bb4 35. Rb7 Bc5 36. Rd7 Bb4 37. Rb7 Bc5 38. Bc7 Bg1 39. Bg3 Bc5 40. Bf2 Bxf2 41. Kxf2 g6 42. Rc7 Rd6 43. Ke2 Rf6 44. c5 bxc5 45. Rxc5 Ra6 46. Rc7 Kf6 47. Kf2 Kf7 48. Kg3 Kf6 49. Rb7 h5 50. gxh5 gxh5 51. Rb5 Rc6 52. Ree5 h4+ 53. Kg4 Rc4+ 54. Re4 Rxe4+ 55. fxe4 Rxe7 56. Rf5+ Ke6 57. Rxa5 Kd6 58. e5+ Ke6 59. Kxg5 Rg7+ 60. Kxh4 Kf5 61. Rb5 Kf4 62. Kh5 Kf5 63. Kh4 Kf4 64. Rb4+ Kxe5 65. a5 Rh7+ 66. Kg3 Rg7+ 67. Kh2 Ra7 68. Ra4 Ra6 69. h4 Kf5 70. Kh3 Ke5 71. h5 Kf5 72. Kh4 Kf6 73. Kg4 Ke5 74. Kg5 Ke6 75. Ra1 Ke7 76. h6 Kf7 77. Ra2 Rg6+ 78. Kh5 Ra6 79. Ra1 Kg8 80. Ra2 Kf7 81. h7 Kg7 82. Kg5 Kxh7 83. Kf5 Kg7 84. Ke5 Kf7 85. Kd5 Ke7 86. Kc5 Kd7 87. Kb5 Ra8 88. a6 Rb8+ 89. Ka5 Ra8 90. Rh2 Kc6 91. Rh6+ Kc5 92. Rh7 Kc6 93. a7 Rg8 94. Ka6 Rf8 95. Rh1 Kc5 96. Rc1+ Kd6 97. Kb7 Rf7+ 98. Kb8 1-0

[Event "Belyaev Memorial 10th"]
[Site "Nabereznye Chelny"]
[Date "2008.06.16"]
[Round "7"]
[White "Aleksandrov, Vladimir Alekseevic"]
[Black "Vorontsov, Nikolay"]
[Result "1/2-1/2"]
[WhiteElo "2347"]
[BlackElo "2314"]
[PlyCount "27"]
[EventDate "2008.06.11"]
[EventType "tourn"]
[EventRounds "10"]
[EventCountry "RUS"]
[EventCategory "5"]
[SourceTitle "CBM 124 Extra"]
[Source "ChessBase"]
[SourceDate "2008.07.03"]
[SourceVersion "1"]
[SourceVersionDate "2008.07.03"]
[SourceQuality "1"]

1. d4 Nf6 2. c4 g6 3. Nc3 d5 4. cxd5 Nxd5 5. Bd2 Bg7 6. e4 Nb6 7. Be3 0-0 8. h3 Nc6 9. Nf3 f5 10. exf5 Bxf5 11. Qb3+ Kh8 12. Rd1 Qd6 13. a3 a5 14. Qa2 1/2-1/2

[Event "Belyaev Memorial 10th"]
[Site "Nabereznye Chelny"]
[Date "2008.06.12"]
[Round "2"]
[White "Vorontsov, Nikolay"]
[Black "Aleksandrov, Vladimir Alekseevic"]
[Result "1/2-1/2"]
[WhiteElo "2314"]
[BlackElo "2347"]
[PlyCount "43"]
[EventDate "2008.06.11"]
[EventType "tourn"]
[EventRounds "10"]
[EventCountry "RUS"]
[EventCategory "5"]
[SourceTitle "CBM 124 Extra"]
[Source "ChessBase"]
[SourceDate "2008.07.03"]
[SourceVersion "1"]
[SourceVersionDate "2008.07.03"]
[SourceQuality "1"]

1. e4 e5 2. Nf3 Nf6 3. Nxe5 d6 4. Nf3 Nxe4 5. d4 d5 6. Bd3 Nc6 7. 0-0 Be7 8. c4 Nb4 9. Be2 0-0 10. a3 Nc6 11. cxd5 Qxd5 12. Nc3 Nxc3 13. bxc3 Bf5 14. Re1 Rfe8 15. Bf4 Rac8 16. c4 Qe4 17. Be3 Qc2 18. Qxc2 Bxc2 19. d5 Na5 20. Nd4 Ba4 21. Rab1 b6 22. h3 1/2-1/2

[Event "Tatarstan-ch op"]
[Site "Kazan"]
[Date "2007.08.25"]
[Round "6"]
[White "Aleksandrov, Vladimir Alekseevic"]
[Black "Kharlov, Andrei"]
[Result "0-1"]
[WhiteElo "2336"]
[BlackElo "2549"]
[PlyCount "60"]
[EventDate "2007.08.20"]
[EventType "swiss"]
[EventRounds "9"]
[EventCountry "RUS"]
[SourceTitle "EXT 2009"]
[Source "ChessBase"]
[SourceDate "2008.11.26"]
[SourceVersion "1"]
[SourceVersionDate "2008.11.26"]
[SourceQuality "1"]

1. d4 Nf6 2. Nf3 d5 3. e3 c5 4. c3 Nbd7 5. Nbd2 g6 6. Bd3 Bg7 7. 0-0 0-0 8. Qe2 Re8 9. e4 cxd4 10. Nxd4 e5 11. N4b3 Qc7 12. Rd1 b6 13. a4 Bb7 14. a5 Rad8 15. axb6 axb6 16. Bb5 dxe4 17. Nc4 Nc5 18. Nxc5 Rxd1+ 19. Qxd1 Rd8 20. Nd7 Nxd7 21. Be3 Bf8 22. Qe2 Bc5 23. Bg5 f6 24. Bh6 Bd5 25. Rd1 Be6 26. Qxe4 Bxf2+ 27. Kxf2 Qc5+ 28. Be3 Qxb5 29. Nxb6 Qxb2+ 30. Rd2 Nc5 0-1

[Event "Nabereznye Chelny"]
[Site "Nabereznye Chelny"]
[Date "2007.03.13"]
[Round "11"]
[White "Maksimov, Sergei Alexandrovic"]
[Black "Aleksandrov, Vladimir Alekseevic"]
[Result "0-1"]
[WhiteElo "2262"]
[BlackElo "2300"]
[PlyCount "126"]
[EventDate "2007.02.17"]
[EventType "tourn"]
[EventRounds "11"]
[EventCountry "RUS"]
[SourceTitle "EXT 2010"]
[Source "ChessBase"]
[SourceDate "2010.11.25"]
[SourceVersion "1"]
[SourceVersionDate "2010.11.25"]
[SourceQuality "1"]

1. d4 Nf6 2. c4 e6 3. Nc3 Bb4 4. f3 d5 5. e3 c5 6. a3 Bxc3+ 7. bxc3 Nc6 8. cxd5 exd5 9. Bd3 0-0 10. Ne2 Re8 11. 0-0 b6 12. Qe1 Na5 13. Rb1 Qc7 14. Qh4 c4 15. Bc2 Nb3 16. e4 Nxc1 17. Rbxc1 h6 18. e5 Nh7 19. f4 f5 20. g4 fxg4 21. f5 Ng5 22. Qxg4 Rf8 23. h4 Ne4 24. Bxe4 dxe4 25. Qxe4 Bb7 26. d5 Qc5+ 27. Qd4 Qxd5 28. Qxd5+ Bxd5 29. Ng3 Rfe8 30. Rce1 Rad8 31. Nh5 Bf7 32. Nf4 Bd5 33. e6 Bc6 34. Re2 Rd6 35. Kh2 Red8 36. f6 gxf6 37. Rg1+ Kh8 38. e7 Re8 39. Ng6+ Kg7 40. Ne5+ Kh7 41. Nxc4 Rd7 42. Re6 Bd5 43. Nd6 Rexe7 44. Rxe7+ Rxe7 45. Rd1 Bc6 46. Nc8 Rc7 47. Rd8 Kg6 48. Rg8+ Kf5 49. Nd6+ Ke6 50. Nc4 Bb5 51. Ne3 Rxc3 52. Ng2 Rxa3 53. Rh8 Bc6 54. Nf4+ Kf5 55. Nh5 Ra4 56. Ng3+ Kf4 57. Nh5+ Kf3 58. Rxh6 Rxh4+ 59. Kg1 f5 60. Rxc6 Rxh5 61. Rc7 Rg5+ 62. Kf1 f4 63. Rxa7 Ra5 0-1

[Event "Nabereznye Chelny"]
[Site "Nabereznye Chelny"]
[Date "2007.03.03"]
[Round "7"]
[White "Davletshin, Mars"]
[Black "Aleksandrov, Vladimir Alekseevic"]
[Result "0-1"]
[WhiteElo "2112"]
[BlackElo "2300"]
[PlyCount "48"]
[EventDate "2007.02.17"]
[EventType "tourn"]
[EventRounds "11"]
[EventCountry "RUS"]
[SourceTitle "EXT 2010"]
[Source "ChessBase"]
[SourceDate "2010.11.25"]
[SourceVersion "1"]
[SourceVersionDate "2010.11.25"]
[SourceQuality "1"]

1. d4 Nf6 2. c4 g6 3. Nc3 d5 4. cxd5 Nxd5 5. e4 Nxc3 6. bxc3 Bg7 7. Bc4 c5 8. Nf3 Nc6 9. Be3 cxd4 10. cxd4 Qa5+ 11. Bd2 Qd8 12. d5 Ne5 13. Nxe5 Bxe5 14. Rb1 0-0 15. 0-0 Qc7 16. Rc1 Bxh2+ 17. Kh1 Bf4 18. Bb3 Qe5 19. Bc3 Qg5 20. g3 Bg4 21. Qd4 Bf3+ 22. Kg1 f6 23. d6+ Kg7 24. Bd1 Bxg3 0-1

[Event "Nabereznye Chelny"]
[Site "Nabereznye Chelny"]
[Date "2007.02.21"]
[Round "3"]
[White "Aleksandrov, Vladimir Alekseevic"]
[Black "Alyautdinov, Rushan"]
[Result "0-1"]
[WhiteElo "2300"]
[BlackElo "2186"]
[PlyCount "148"]
[EventDate "2007.02.17"]
[EventType "tourn"]
[EventRounds "11"]
[EventCountry "RUS"]
[SourceTitle "EXT 2010"]
[Source "ChessBase"]
[SourceDate "2010.11.25"]
[SourceVersion "1"]
[SourceVersionDate "2010.11.25"]
[SourceQuality "1"]

1. d4 c5 2. d5 e5 3. e4 d6 4. Nc3 Be7 5. Bb5+ Nd7 6. a4 Bg5 7. Nf3 Bxc1 8. Qxc1 Ngf6 9. 0-0 0-0 10. Bd3 Re8 11. Nd2 Nf8 12. Nc4 Re7 13. f4 Ng6 14. f5 Nf8 15. Qg5 h6 16. Qh4 Rd7 17. g4 Ne8 18. Qxd8 Rxd8 19. Kg2 f6 20. a5 Kf7 21. Kg3 Ke7 22. h4 Nh7 23. b3 Nc7 24. Rfb1 Nf8 25. Kf3 Bd7 26. Rg1 Nh7 27. Ke3 Rdb8 28. Na3 b5 29. axb6 axb6 30. Nab5 Rxa1 31. Rxa1 Ra8 32. Rxa8 Nxa8 33. Na4 Nf8 34. Be2 Be8 35. Na7 Bxa4 36. bxa4 Kd7 37. Bb5+ Kd8 38. Bc6 Nc7 39. Bb7 Nd7 40. Bc8 Ne8 41. Kd2 Nc7 42. Kc3 Ne8 43. Kb2 Nc7 44. Ka3 Nb8 45. a5 bxa5 46. Ka4 Nxd5 47. exd5 e4 48. Nb5 e3 49. Nc3 Kxc8 50. Kxa5 Nd7 51. Kb5 Ne5 52. Ne2 Kb7 53. h5 Nxg4 54. Kc4 Ne5+ 55. Kc3 Nf3 56. Kd3 Nd4 57. Ng3 e2 58. Kd2 Nxc2 59. Kxe2 Nb4 60. Ne4 Kc7 61. Nc3 Kb6 62. Ke3 Na6 63. Kd3 Nb8 64. Ne4 Kc7 65. Nc3 Na6 66. Ne2 Nb4+ 67. Ke4 Kd7 68. Nf4 Ke7 69. Ne6 c4 70. Kd4 c3 71. Kxc3 Nxd5+ 72. Kd4 Nb4 73. Nxg7 Nc6+ 74. Ke4 Nd8 0-1

[Event "Moscow Beliaev Memorial 7th"]
[Site "Moscow"]
[Date "2006.12.16"]
[Round "1"]
[White "Talipov, Nafis"]
[Black "Aleksandrov, Vladimir Alekseevic"]
[Result "0-1"]
[WhiteElo "1989"]
[BlackElo "2300"]
[PlyCount "50"]
[EventDate "2006.12.16"]
[EventType "swiss"]
[EventRounds "9"]
[EventCountry "RUS"]
[SourceTitle "EXT 2008"]
[Source "ChessBase"]
[SourceDate "2007.11.25"]
[SourceVersion "1"]
[SourceVersionDate "2007.11.25"]
[SourceQuality "1"]

1. d4 Nf6 2. c4 g6 3. Nc3 d5 4. e3 Bg7 5. Nf3 0-0 6. Be2 c6 7. b3 Bg4 8. Bb2 e6 9. 0-0 Nbd7 10. Nd2 Bxe2 11. Qxe2 Re8 12. f4 c5 13. Rfd1 a6 14. g3 Rc8 15. Qg2 Ng4 16. Nf1 cxd4 17. exd4 Qb6 18. Na4 Qa7 19. Qe2 h5 20. h3 Nh6 21. Ne3 Nf5 22. Nxf5 exf5 23. Qd3 Re4 24. c5 Rce8 25. Kf2 h4 0-1

[Event "RUS-Cup04"]
[Site "Samara"]
[Date "2002.08.03"]
[Round "9"]
[White "Aleksandrov, Vladimir Alekseevic"]
[Black "Jumabayev, Rinat"]
[Result "0-1"]
[WhiteElo "2261"]
[BlackElo "2234"]
[PlyCount "80"]
[EventDate "2002.07.26"]
[EventType "swiss"]
[EventRounds "9"]
[EventCountry "RUS"]
[SourceTitle "CBM 089 Extra"]
[Source "ChessBase"]
[SourceDate "2002.09.10"]
[SourceVersion "2"]
[SourceVersionDate "2002.09.10"]
[SourceQuality "1"]

1. d4 g6 2. c4 Bg7 3. Nc3 d6 4. e4 e5 5. d5 f5 6. exf5 gxf5 7. Qh5+ Kf8 8. Bg5 Qe8 9. Qxe8+ Kxe8 10. f3 Bf6 11. Bxf6 Nxf6 12. Bd3 Na6 13. 0-0-0 Kf7 14. a3 Rd8 15. Nge2 Rg8 16. Rhg1 c6 17. Ng3 Rg5 18. Nf1 Nc7 19. Bc2 cxd5 20. cxd5 Bd7 21. h4 Rg7 22. Ne3 f4 23. Nf5 Bxf5 24. Bxf5 Rag8 25. Bh3 Ke7 26. Rd2 Rg6 27. Rgd1 Rh6 28. Rc2 Rxh4 29. Rd3 Kd8 30. a4 a6 31. b4 Rg3 32. Re2 Nce8 33. b5 Rg7 34. bxa6 bxa6 35. Rb2 Rc7 36. Rb8+ Ke7 37. Kd2 Nd7 38. Bxd7 Kxd7 39. Ne4 Rh2 40. Rc3 Rxg2+ 0-1

[Event "RUS-Cup04"]
[Site "Samara"]
[Date "2002.07.30"]
[Round "5"]
[White "Aleksandrov, Vladimir Alekseevic"]
[Black "Khakimov, Timur"]
[Result "1-0"]
[WhiteElo "2261"]
[BlackElo "2132"]
[PlyCount "49"]
[EventDate "2002.07.26"]
[EventType "swiss"]
[EventRounds "9"]
[EventCountry "RUS"]
[SourceTitle "CBM 089 Extra"]
[Source "ChessBase"]
[SourceDate "2002.09.10"]
[SourceVersion "2"]
[SourceVersionDate "2002.09.10"]
[SourceQuality "1"]

1. d4 d5 2. c4 e6 3. Nc3 c5 4. cxd5 exd5 5. Nf3 Nc6 6. g3 Nf6 7. Bg2 Be7 8. 0-0 0-0 9. Bg5 c4 10. Ne5 Be6 11. e3 Qa5 12. a3 h6 13. Bxf6 Bxf6 14. f4 Rfd8 15. Qh5 Bxe5 16. fxe5 b5 17. e4 dxe4 18. d5 g6 19. Qxh6 Bxd5 20. Nxd5 Rxd5 21. e6 Rf8 22. exf7+ Rxf7 23. Qxg6+ Rg7 24. Qe8+ Kh7 25. Bxe4+ 1-0